000 00584cab a2200229 4500
001 ABS42571
008 090401t1990 xxu||||| |||| 00| 0 eng d
035 _a(Sirsi) u37643
041 _aeng
100 _aShergold, C.
245 _aFuelled by manufacturing
260 _c1990
350 _a0
490 _aWorld Property
_vApril 1990 46-51(3)
520 _aAssessment of the Bangkok property market and its prospects in 1991.
650 _aASIA
650 _aOFFICES
650 _aTHAILAND
690 _aOVERSEAS-REST OF THE WORLD
942 _n0
948 _c04/03/1997
999 _c24273
_d24273